000 01050nam a22002657a 4500
003 DO-SdBNP
005 20221020143023.0
007 ta
008 220909e 2004||||||||b|||| 1|| 0 spa d
040 _aDO-SdBNP
_bspa
_cBNPHU
082 4 _a863.44
_bC748L
_222
111 2 _aConferencia
_n(No. 5 :
_dNovienbre 2004:
_cSanto Domingo, Rep. Dom.)
_982335
245 1 0 _aUna lectura de Guazábara de Alfredo Fernández Simó /
_cPor Guillermo Piña Contreras ; presentación Mella Mariano
260 _aSanto Domingo :
_bSociedad Dominicana de Bibliófilos,
_c2004.
300 _a11 p. :
_c22 cm.
590 _aInventariado, 2022 / SA
600 1 4 _9315
_aPiña-Contreras, Guillermo,
_d1952-
650 4 _910036
_aAnálisis linguístico
_vNovela
650 4 _910812
_aNovela
_xCrítica e interpretación
650 4 _aLiteratura dominicana
_vConferencia
_xAnálisis
_982338
700 1 _aPiña Contreras, Guillermo,
_d1952-
_9315
700 1 _aMella, Mariano
_ePresentación
_92101
710 1 _aSociedad Dominicana de Bibliófilos
_934803
942 _2ddc
_cLBS1
999 _c52368
_d52368